Direitos humanos / (Record no. 447)
[ view plain ]
| 000 -LÍDER | |
|---|---|
| Campo Fixo de Controle | 01002nam a2200301 a 4500 |
| 001 - NÚMERO DE CONTROLE | |
| Campo de Controle | 447 |
| 003 - IDENTIFICAÇÃO DO NÚMERO DE CONTROLE | |
| Campo de Controle | BR-CuiBMT |
| 005 - DATA E HORA DA ÚLTIMA ATUALIZAÇÃO | |
| Campo de Controle | 20231122213750.0 |
| 008 - DADOS FIXOS | |
| Dados Fixos | 231106b2015 bab 000 0 por d |
| 020 ## - INTERNATIONAL STANDARD BOOK NUMBER | |
| Nº do ISBN | 8544204503 |
| 040 ## - AGÊNCIA CATALOGADORA | |
| Código da Agência Catalogadora | BR-CuiBMT |
| Agência que transcreveu o registro | BR-CuiBMT |
| 080 ## - Nº DA CLASSIFICAÇÃO DECIMAL UNIVERSAL | |
| Nº edição CDU | 2007 |
| Nº Class. CDU | 342.7 |
| Subd. Auxiliar Comum | (079.1) |
| 090 ## - NÚMERO DE CHAMADA | |
| Nº classificação | 342.7(079.1) |
| Cutter | G216d |
| 100 1# - ENTRADA PRINCIPAL -- AUTOR PESSOAL | |
| Nome pessoal | Garcia, Bruna Pinotti |
| 245 10 - TÍTULO PRINCIPAL | |
| Título principal | Direitos humanos / |
| Indicação de responsabilidade | Bruna Pinotti Garcia, Rafael de Lazari, Paulo Henrique Gonçalves Portela. |
| 246 14 - FORMAS VARIANTES DO TÍTULO | |
| Título principal | Revisaço : |
| Subtítulo | questões comentadas e organizadas por assunto |
| 260 ## - PUBLICAÇÃO, DISTRIBUIÇÃO, ETC. | |
| Local de publicação | Salvador : |
| Editora | JusPODIVM, |
| Data | 2015. |
| 300 ## - DESCRIÇÃO FÍSICA | |
| N. páginas ou volumes | 281 p. ; |
| Dimensões | 24 cm |
| 490 1# - INDICAÇÃO DE SÉRIE | |
| Título da série | Revisaço |
| 500 ## - NOTAS GERAIS | |
| Notas gerais | "500 questões comentadas, alternativa por alternativa". |
| 504 ## - NOTA DE BIBLIOGRAFIA, ETC. | |
| Nota de bibliografia | Inclui bibliografia. |
| 650 ## - ASSUNTO TÓPICO | |
| Cabeçalho tópico ou nome geográfico | Teoria geral dos Direitos Humanos |
| Subdivisão geral | Questões |
| 650 ## - ASSUNTO TÓPICO | |
| Cabeçalho tópico ou nome geográfico | Proteção aos direitos humanos |
| Subdivisão geral | Questões |
| 700 1# - ENTRADA SECUNDÁRIA -- NOME PESSOAL | |
| Nome pessoal | Lazari, Rafael de |
| 700 1# - ENTRADA SECUNDÁRIA -- NOME PESSOAL | |
| Nome pessoal | Portela, Paulo Henrique Gonçalves |
| 830 #0 - ENTRADA SECUNDÁRIA DE SÉRIE -- TÍTULO UNIFORME | |
| Título uniforme | Revisaço |
| 942 ## - ELEMENTOS DE ENTRADA ADICIONAIS (KOHA) | |
| Fonte de classificação ou esquema de arquivamento | Classificação Decimal Universal |
| Tipo de item do Koha | Livros |
| Estado: removido | Estado: perdido | Fonte de classificação ou esquema de arquivamento | Estado: danificado | Indisponível para empréstimo | Localização permanente | Localização atual | Data de aquisição | Total Checkouts | Número de Chamada completo | Código de barras | Date last seen | Número do exemplar | Preço efetivo a partir de | Tipo de item (Koha) |
|---|---|---|---|---|---|---|---|---|---|---|---|---|---|---|
| Classificação Decimal Universal | Biblioteca da Escola Superior de Contas do TCE/MT | Biblioteca da Escola Superior de Contas do TCE/MT | 31/10/2018 | 342.7(079.1) G216d | BIBTCEMT23110194 | 06/11/2023 | Ex. 1 | 06/11/2023 | Livros |